000 01162cam a22003251u 4500
999 _c46696
_d46696
001 8382759
005 20190530084310.0
008 781011s1953 enka c 000 1 eng
010 _a 53024257
015 _aGB53-2604
035 _a(OCoLC)4286926
040 _aDLC
_cCStbW
_dUk
_dDLC
100 2 _aSt. John, Patricia Mary,
_d1919-
245 1 0 _aStar of light /
_cillustrated by L. F. Lupton in collaboration with Blanche Van de Linde.
260 _aLondon :
_bC[hildren's] S[pecial] S[ervice] M[ission,
_cc1953.
300 _a189 p. :
_bill. ;
_c19 cm.
336 _atext
337 _aunmediated
338 _avolume
520 _aIn a mountain village in Morocco, an Englishwoman transforms the lives of her visiting niece, a blind baby girl, and an eleven-year-old boy through her work as a missionary nurse.
650 0 _aMissionary stories.
650 1 _aChristian life
_vFiction.
650 1 _aMissionaries
_vFiction.
650 1 _aBlind
_vFiction.
650 1 _aPeople with disabilities
_vFiction.
650 1 _aPoverty
_vFiction.
651 1 _aMorocco
_vFiction.
700 1 _aLupton, Lewis Frederick,
_d1909-
_eill.
942 _2lcc
_cBK